000 00402nam a22001817a 4500
003 OSt
005 20220203150317.0
008 220203b |||||||| |||| 00| 0 eng d
020 _a0766861643
040 _cHU
082 _a621.46
100 _aAlerich N.Walter
_929673
245 _aElectric Motor Control
250 _a7th ed
260 _aUSA
_bUSA
300 _f355
942 _2ddc
_cBOOKS
_n0
999 _c29202
_d29202